Valparaíso: Parque El Litre

Сохранить в:
Библиографические подробности
Главный автор: Quinlan Cortez, Carlos Alberto (Автор)
Формат:
Язык:испанский
Опубликовано: Viña del Mar Ediciones Altazor 2011
Предметы:
Метки: Добавить метку
Нет меток, Требуется 1-ая метка записи!

MARC

LEADER 00000cam a2200000 a 4500
001 UCF4357
003 CL-VaPUC
008 121130e20110000CL |||||||||||||||||spa|d
020 |a 9789567472857 
082 0 4 |a 983  |b QUI  |2 21 
100 0 |a Quinlan Cortez, Carlos Alberto  |e author  |9 565877 
245 1 0 |a Valparaíso: Parque El Litre 
300 |a 581 p 
942 |c BK 
945 |d 20121130 00:00:00  |a dcastane 
260 |a Viña del Mar  |b Ediciones Altazor  |c 2011 
650 0 |a Historia de Chile  |9 265473 
650 0 |a Historia de Valparaíso  |y Siglo 20  |9 482500 
650 7 |a PARQUES  |2 CL-VaPUC  |9 565878 
583 |a last modification  |c 20121204 11:40:18  |k Rodrigo Vera 
999 |c 350164  |d 350162 
952 |0 0  |1 0  |4 0  |6 983_000000000000000_QUI_2011  |7 0  |8 A  |9 453377  |a BIBEDU  |b BIBEDU  |d 2019-11-22  |i 4930606  |o 983 QUI 2011  |p 4930606  |r 2019-11-22  |w 2019-11-22  |y BK  |k CUE 
952 |0 0  |1 0  |4 0  |6 983_000000000000000_QUI_2011  |7 0  |8 A  |9 453378  |a BIBING  |b BIBING  |d 2019-11-22  |i 4930584  |o 983 QUI 2011  |p 4930584  |r 2025-01-20  |w 2019-11-22  |y BK  |k CUI